00389nam a2200145Ia 4500008004100000020001500041041000800056082001800064100002200082245006500104250000600169260004300175300001200218650001300230210716s2006 xx 000 0 und d a8131403378 aeng a343.7304 STHR aSthanumoorthy, R. aFringe benefit tax in india: an introduction.bIntroduction. a1 aHyderdadbICFAI University Pressc2006 axvi,276 aTaxation